000 00686cam a22002413a 4500
001 9199
003 PGUSA
005 20140828083209.0
008 051001s2005||||xxu|||||s|||||000 | eng d
040 _aPGUSA
_beng
042 _adc
050 4 _aB
100 1 _aHaeckel, Ernst,
_d1834-1919
245 1 0 _aMonism as Connecting Religion and Science :
_bA Man of Science
_h[electronic resource] /
_cErnst Haeckel
260 _bProject Gutenberg,
_c2005
506 _aPublic domain in the USA.
516 _aElectronic text
653 _aMonism
653 _aReligion and science
830 0 _aProject Gutenberg
_v9199
856 4 0 _uhttp://www.gutenberg.org/ebooks/9199
942 _cEB
999 _c238455
_d238455